000 01210naa a22003017a 4500
001 BR2700010
003 BR-BrBNA
005 20240918172738.0
007 ta
008 230509b bl.||||| |||| 00| 0 por d
040 _aBR-BrBNA
_bpor
_cBiblioteca Nacional de Agricultura
041 _a(Pt)
072 _aQ10
_b0316
_bG514
090 _aQ10 BR2700010
100 1 _aPassos, L.R. de B.
111 1 _a1. Congresso Nacional de Oleos, Gorduras, Ceras e Resinas, e seus Derivados
_cRio de Janeiro, GB (Brazil)
_d22 Nov 1924
245 1 _aO babassu no Maranhao [Orbygnia speciosa, Brasil]
260 3 _aRio de Janeiro, GB (Brasil):
_c1927.
500 _aAnnaes do Primeiro e Segundo Congresso Nacional de Oleos, Gorduras, Ceras e Resinas, e seus derivados Rio de Janeiro, GB (Brasil): 1927. p. 77-82 (BR2700010-AM)Q10
650 _aBABACU
650 _aPLANTA OLEAGINOSA
650 _aOLEO VEGETAL
650 _aINDUSTRIA ALIMENTICIA
650 _aMARANHAO
773 0 _tAnnaes do Primeiro e Segundo Congresso Nacional de Oleos, Gorduras, Ceras e Resinas, e seus derivados
_wQ10 BR2700010
_gRio de Janeiro, GB (Brasil), 1927. p. 77-82
909 _a202404
_bLucia
_c55
_dLucia Elande
942 _cAM
_2AGRIS
999 _c301338
_d301338